Regenerative endodontic treatment in non-vital immature versus mature permanent incisors (Record no. 23726)

MARC details
000 -LEADER
fixed length control field 00444nam a22001457a 4500
003 - CONTROL NUMBER IDENTIFIER
control field SGT
082 ## - DEWEY DECIMAL CLASSIFICATION NUMBER
Classification number 617.645
Item number R23T
100 ## - MAIN ENTRY--PERSONAL NAME
Personal name Taruna
245 ## - TITLE STATEMENT
Title Regenerative endodontic treatment in non-vital immature versus mature permanent incisors
Remainder of title A Clinical study
260 ## - PUBLICATION, DISTRIBUTION, ETC. (IMPRINT)
Place of publication, distribution, etc Gurugram, Haryana
Name of publisher, distributor, etc SGT University
Year of Publication 2023
300 ## - PAGE DESCRIPTION
No. of Pages 61
650 ## - SUBJECT ADDED ENTRY--TOPICAL TERM
Topical term or geographic name as entry element Pediatric & Preventive Dentistry
653 ## - KEYWORDS--INDEX TERM
Keyword term Pediatric & Preventive Dentistry
942 ## - ADDED ENTRY ELEMENTS (KOHA)
Source of classification or shelving scheme Dewey Decimal Classification
Koha item type Thesis/Dissertation
Holdings
Withdrawn status Lost status Source of classification or shelving scheme Damaged status Use restrictions Not for loan Home library Current library Date acquired SGTU Full call number Accession No. (Barcode) Date last seen Bill Date Koha item type
    Dewey Decimal Classification   Restricted Access Not For Loan SGT Dental Library SGT Dental Library 25/01/2023 SGTU 617.645 R23T DT1472 25/01/2023 25/01/2023 Thesis/Dissertation